[Event "17th EUR-ch"]
[Site "Gjakova KOS"]
[Date "2016.05.20"]
[Round "8.43"]
[White "Volokytin, Andriy"]
[Black "Druska, Juraj"]
[Result "1/2-1/2"]
[WhiteElo "2642"]
[BlackElo "2466"]
[EventDate "2016.05.12"]
[PlyCount "101"]

1.e4 c5 2.Nf3 d6 3.d4 cxd4 4.Nxd4 Nf6 5.Nc3 Bd7 6.Bg5 e6 7.Ndb5 Bc6 8.Bxf6
gxf6 9.Qh5 a6 10.Nd4 Bd7 11.O-O-O Nc6 12.Nb3 Qb6 13.Rd2 O-O-O 14.g3 Be8 
15.f4 Kb8 16.Kb1 Qc7 17.Bh3 Na7 18.Rhd1 Nc8 19.Bf1 Nb6 20.Rd4 Rc8 21.a3 
Nd7 22.Bh3 Nb6 23.Bf1 Nd7 24.Qh3 Nb6 25.f5 e5 26.R4d2 h5 27.Qg2 h4 28.g4 
Rd8 29.h3 Bh6 30.Nd5 Nxd5 31.Rxd5 Ba4 32.R5d3 Qb6 33.Qf3 Rd7 34.Rc3 Rc8 
35.Rxc8+ Kxc8 36.Bc4 Qe3 37.Qg2 Rc7 38.Bd5 Bf4 39.Ka2 Qg3 40.Rg1 Bb5 41.c3
Be2 42.Na5 Kb8 43.Qxe2 Qxg1 44.Nxb7 Rxb7 45.Qxa6 Rb6 46.Qa8+ Kc7 47.Qa7+ 
Kc8 48.Bb7+ Kd7 49.Bd5+ Kc8 50.Qa8+ Kc7 51.Qa7+ 1/2-1/2

[Event "17th EUR-ch"]
[Site "Gjakova KOS"]
[Date "2016.05.20"]
[Round "8.44"]
[White "Sanal, Vahap"]
[Black "Georgiev, Kiril"]
[Result "0-1"]
[WhiteElo "2465"]
[BlackElo "2640"]
[EventDate "2016.05.12"]
[PlyCount "92"]

1.Nf3 Nf6 2.c4 b6 3.g3 c5 4.Bg2 Bb7 5.O-O g6 6.Nc3 Bg7 7.d4 cxd4 8.Qxd4 d6
9.Rd1 Nbd7 10.Qh4 O-O 11.Bh6 Re8 12.Bxg7 Kxg7 13.Rd3 a6 14.Rad1 b5 15.cxb5
axb5 16.Rd4 Nb6 17.Nxb5 Bxf3 18.Bxf3 Rxa2 19.Nxd6 exd6 20.Rxd6 Nbd7 21.Qd4
Qe7 22.Bc6 Qe5 23.Rd2 Qxd4 24.R6xd4 Nf8 25.Bxe8 Nxe8 26.b4 Ra6 27.Rd8 Nc7 
28.Rb8 Ra1+ 29.Kg2 Rb1 30.Rb6 g5 31.f4 gxf4 32.gxf4 Ng6 33.e3 Ne8 34.Kf3 
Nf6 35.Rg2 Nd5 36.Rd6 Nc3 37.Rc2 Nb5 38.Rcd2 Nxd6 39.Rxd6 Rxb4 40.Rd3 Rb2 
41.Kg3 h5 42.h4 Ne7 43.e4 Rb4 44.Kf3 Ng6 45.Rd5 Nxh4+ 46.Ke3 Rb3+ 0-1

[Event "17th EUR-ch"]
[Site "Gjakova KOS"]
[Date "2016.05.20"]
[Round "8.45"]
[White "Onischuk, Vladimir"]
[Black "Studer, Noel"]
[Result "1/2-1/2"]
[WhiteElo "2628"]
[BlackElo "2463"]
[EventDate "2016.05.12"]
[PlyCount "130"]

1.e4 e6 2.d4 d5 3.Bd3 dxe4 4.Bxe4 Nf6 5.Bf3 c5 6.Ne2 Be7 7.Nbc3 O-O 8.d5 
Na6 9.dxe6 Qxd1+ 10.Nxd1 Bxe6 11.Ne3 Nb4 12.Nf4 Bd7 13.Bxb7 Rab8 14.Bf3 
Bd6 15.Nd3 Bb5 16.Nxb4 cxb4 17.Bd2 Rfc8 18.O-O-O a5 19.Kb1 a4 20.b3 Bc5 
21.Bc1 Re8 22.Rhe1 Ne4 23.Bxe4 Rxe4 24.f3 Ree8 25.Nf5 Rxe1 26.Rxe1 Bd7 27.
Bf4 Rb6 28.Be3 Bxe3 29.Rxe3 Kf8 30.Nd4 Rh6 31.h3 Rg6 32.g4 Rh6 33.bxa4 
Bxa4 34.f4 Rd6 35.Re4 g6 36.Kb2 h5 37.gxh5 gxh5 38.Nf5 Rb6 39.Rd4 f6 40.h4
Kf7 41.Ne3 Re6 42.Rxb4 Rxe3 43.Rxa4 Rh3 44.f5 Rf3 45.Rb4 Rxf5 46.a4 Re5 
47.Kb3 f5 48.Rb5 Re3+ 49.c3 Ke6 50.Rb8 Ke7 51.Rh8 f4 52.Rxh5 Ke6 53.Rh8 
Ke7 54.Rg8 Re6 55.h5 Rh6 56.Rg4 f3 57.Rg1 Rxh5 58.Rf1 Rf5 59.a5 Rxa5 60.
Rxf3 Kd7 61.Kb4 Rh5 62.c4 Kc6 63.Rf4 Kb6 64.Rf6+ Kc7 65.c5 Rh1 1/2-1/2

[Event "17th EUR-ch"]
[Site "Gjakova KOS"]
[Date "2016.05.20"]
[Round "8.47"]
[White "Petrov, Nikita"]
[Black "Kunin, Vitaly"]
[Result "1-0"]
[WhiteElo "2475"]
[BlackElo "2595"]
[EventDate "2016.05.12"]
[PlyCount "107"]

1.Nf3 d5 2.g3 Nc6 3.d4 Bg4 4.Nbd2 Qd7 5.h3 Bf5 6.c3 e5 7.Nxe5 Nxe5 8.dxe5 
f6 9.Nf3 Bc5 10.Bg2 O-O-O 11.b4 Bb6 12.a4 a6 13.a5 Ba7 14.Bf4 g5 15.Bd2 h6
16.Qc1 fxe5 17.Be3 Bxe3 18.Qxe3 Re8 19.Qa7 c6 20.c4 dxc4 21.O-O c3 22.b5 
axb5 23.a6 bxa6 24.Qa8+ Kc7 25.Qa7+ Kc8 26.Qa8+ Kc7 27.Qxa6 c2 28.Qa7+ Kd6
29.Rfd1+ cxd1=Q+ 30.Rxd1+ Ke7 31.Rxd7+ Bxd7 32.Nxe5 Nf6 33.Bxc6 Rd8 34.
Bxd7 Nxd7 35.Ng6+ Ke6 36.Qe3+ Kf7 37.Nxh8+ Rxh8 38.Qb3+ Kg7 39.Qxb5 Nf6 
40.e4 Rf8 41.e5 Ng8 42.Qd7+ Rf7 43.Qd6 Kh7 44.e6 Rg7 45.Qf8 Kg6 46.Kg2 Ne7
47.Kf3 Kh7 48.Ke4 Ng6 49.Qf6 Ra7 50.Qd4 Re7 51.Kf5 Rb7 52.Kf6 Rg7 53.Qe4 
Rg8 54.e7 1-0

[Event "17th EUR-ch"]
[Site "Gjakova KOS"]
[Date "2016.05.20"]
[Round "8.48"]
[White "Kozul, Zdenko"]
[Black "Moroni, Luca jr"]
[Result "1-0"]
[WhiteElo "2591"]
[BlackElo "2438"]
[EventDate "2016.05.12"]
[PlyCount "67"]

1.Nf3 Nf6 2.g3 d5 3.Bg2 e6 4.O-O c5 5.c4 d4 6.e3 Nc6 7.exd4 cxd4 8.d3 Bd6 
9.Bg5 h6 10.Bxf6 Qxf6 11.Nbd2 Qd8 12.a3 a5 13.Rc1 O-O 14.c5 Bc7 15.Qa4 Ra7
16.Rfe1 e5 17.Nc4 Re8 18.Nfd2 Bd7 19.Ne4 Ne7 20.Qd1 Nc8 21.Qh5 a4 22.Ned6 
Bxd6 23.cxd6 f6 24.Bd5+ Kh8 25.f4 b5 26.Nxe5 fxe5 27.fxe5 Nb6 28.e6 Bc8 
29.e7 Raxe7 30.dxe7 Rxe7 31.Rxe7 Qxe7 32.Be4 Bb7 33.Bxb7 Qxb7 34.Re1 1-0

[Event "17th EUR-ch"]
[Site "Gjakova KOS"]
[Date "2016.05.20"]
[Round "8.49"]
[White "Draskovic, Luka"]
[Black "Stefansson, Hannes"]
[Result "0-1"]
[WhiteElo "2454"]
[BlackElo "2581"]
[EventDate "2016.05.12"]
[PlyCount "154"]

1.c4 Nf6 2.Nc3 e5 3.Nf3 Nc6 4.g3 Bb4 5.Bg2 O-O 6.O-O e4 7.Ng5 Bxc3 8.bxc3 
Re8 9.f3 e3 10.d3 d5 11.Qb3 Na5 12.Qa3 c6 13.cxd5 cxd5 14.f4 Nc6 15.Rb1 b6
16.Nf3 Bb7 17.Qa4 d4 18.Ne5 Na5 19.Qxd4 Qxd4 20.cxd4 Bxg2 21.Kxg2 Nd5 22.
Bb2 f6 23.Nc4 Nc6 24.Rfc1 Nce7 25.Nd6 Red8 26.Ba3 Rd7 27.Ne4 Nf5 28.Bb2 h5
29.Rc4 Rf8 30.Rbc1 Kh7 31.Nc3 Nc7 32.Ne4 Ne6 33.Kf3 Rd5 34.Rc8 Rf7 35.Re8 
Nc7 36.Rc8 Ne6 37.a4 g5 38.Re8 g4+ 39.Kg2 Nfg7 40.Rec8 f5 41.Nc3 Rxd4 42.
Nd1 Rxa4 43.Nxe3 Ra2 44.R8c2 Nc5 45.Be5 Rxc2 46.Rxc2 Nge6 47.Nd5 b5 48.d4 
Ne4 49.Rc6 Nd8 50.Ra6 Rb7 51.Nb4 Nf7 52.d5 Nc5 53.Ra2 Rd7 54.Ra5 a6 55.e3 
Nd8 56.Nxa6 Ra7 57.Rxb5 Nxa6 58.Bd4 Nc7 59.Rc5 Nf7 60.Be5 Ne8 61.Rc6 Rd7 
62.Rc5 Ned6 63.Kf1 Ne4 64.Ra5 Nd2+ 65.Ke2 Nc4 66.Rc5 Nb6 67.d6 Kg6 68.Rc6 
Nd5 69.Rc8 Nf6 70.Rc7 Rd8 71.Rc6 Nd7 72.Bd4 Nh6 73.Kd3 Kf7 74.e4 fxe4+ 75.
Kxe4 Ke6 76.Be5 Ra8 77.Rc4 Nf5 0-1

[Event "17th EUR-ch"]
[Site "Gjakova KOS"]
[Date "2016.05.20"]
[Round "8.50"]
[White "Kanmazalp, Ogulcan"]
[Black "Svetuschin, Dumitru"]
[Result "0-1"]
[WhiteElo "2442"]
[BlackElo "2575"]
[EventDate "2016.05.12"]
[PlyCount "72"]

1.d4 d5 2.c4 c6 3.Nc3 Nf6 4.e3 a6 5.Nf3 e6 6.c5 Nbd7 7.Qc2 Qc7 8.b4 e5 9.
dxe5 Nxe5 10.Nxe5 Qxe5 11.Bb2 Bf5 12.Bd3 Bxd3 13.Qxd3 Be7 14.Qc2 O-O 15.
Ne2 Qg5 16.Ng3 Rfe8 17.O-O g6 18.Qc3 h5 19.f4 Qh6 20.Qd3 h4 21.Ne2 h3 22.
Rf3 hxg2 23.Kxg2 Ng4 24.h3 Nf6 25.Rg1 Ne4 26.Kh2 f5 27.Rfg3 Kh7 28.Rxg6 
Qxg6 29.Rxg6 Kxg6 30.Nd4 Bf6 31.Qe2 Bxd4 32.Bxd4 Rg8 33.h4 Kh6 34.Qb2 Raf8
35.Bc3 Rg3 36.Be1 Rxe3 0-1

[Event "17th EUR-ch"]
[Site "Gjakova KOS"]
[Date "2016.05.21"]
[Round "9.1"]
[White "Kovalenko, Igor"]
[Black "Inarkiev, Ernesto"]
[Result "0-1"]
[WhiteElo "2644"]
[BlackElo "2686"]
[EventDate "2016.05.12"]
[PlyCount "134"]

1.d4 Nf6 2.Nf3 e6 3.c4 b6 4.g3 Bb7 5.Bg2 Be7 6.O-O O-O 7.Nc3 Ne4 8.Bd2 Bf6
9.Ne5 Nxc3 10.Bxc3 Bxg2 11.Kxg2 c5 12.dxc5 bxc5 13.Qd6 Qb6 14.Rad1 Qxd6 
15.Rxd6 Be7 16.Rd2 d6 17.Nd3 a5 18.f4 Nd7 19.Ne5 Nb8 20.Ng4 f5 21.Nf2 Nd7 
22.e4 Nb6 23.exf5 Nxc4 24.Re2 Rxf5 25.Rxe6 Bf8 26.Rfe1 Rf7 27.Ne4 d5 28.b3
Na3 29.Ng5 Rfa7 30.Be5 h6 31.Nf3 a4 32.Rb6 Ra6 33.Rb7 R6a7 34.Rb6 Ra6 35.
Rxa6 Rxa6 36.Kf2 Rb6 37.Rd1 d4 38.Nd2 Nc2 39.Kf3 Rb7 40.Rb1 Nb4 41.a3 Nd5 
42.bxa4 Ra7 43.Rb8 Kf7 44.Ke4 Nc3+ 45.Kd3 Rxa4 46.Nc4 Nd1 47.Rxf8+ Kxf8 
48.Bd6+ Kf7 49.Bxc5 Ne3 50.Nb6 Ra5 51.Bb4 Rh5 52.a4 Rxh2 53.a5 Ra2 54.Na8 
Ke6 55.Ke4 Ra4 56.Nc7+ Kd7 57.Na6 Kc6 58.Bf8 Rxa5 59.Nb4+ Kb5 60.Nd3 Kc4 
61.Bxg7 Nf5 62.Ne5+ Rxe5+ 63.Bxe5 d3 64.Kxf5 d2 65.Kf6 d1=Q 66.f5 Kd5 67.
Bf4 Qh5 0-1

[Event "17th EUR-ch"]
[Site "Gjakova KOS"]
[Date "2016.05.21"]
[Round "9.4"]
[White "Jobava, Baadur"]
[Black "Vallejo Pons, Francisco"]
[Result "1/2-1/2"]
[WhiteElo "2661"]
[BlackElo "2700"]
[EventDate "2016.05.12"]
[PlyCount "85"]

1.b3 Nf6 2.Bb2 g6 3.d4 Bg7 4.e3 d5 5.Nc3 c5 6.Qd2 cxd4 7.exd4 Nc6 8.f3 h5 
9.Bb5 Qc7 10.Nge2 Bh6 11.Qd1 Bf5 12.Bc1 Kf8 13.Bxh6+ Rxh6 14.Qd2 Kg7 15.
Bxc6 Qxc6 16.a4 Rhh8 17.O-O Rhe8 18.Rfe1 Rac8 19.Rac1 Qd6 20.Nd1 Bd7 21.
Nf2 Rc7 22.Nd3 Bf5 23.Ne5 Rec8 24.c3 Nd7 25.Ng3 Qf6 26.a5 e6 27.Re3 Nb8 
28.Ne2 Nc6 29.b4 Qg5 30.g3 a6 31.Nxc6 Rxc6 32.Kf2 Qh6 33.h4 Kg8 34.Ra1 
R6c7 35.Ra2 Qf8 36.Nc1 e5 37.Nb3 e4 38.f4 Qe8 39.Nc5 Bd7 40.Re1 Rd8 41.Kg1
f5 42.Qe3 Bb5 43.Ra3 1/2-1/2

[Event "17th EUR-ch"]
[Site "Gjakova KOS"]
[Date "2016.05.21"]
[Round "9.5"]
[White "Fressinet, Laurent"]
[Black "Hovhannisyan, Robert"]
[Result "1/2-1/2"]
[WhiteElo "2692"]
[BlackElo "2632"]
[EventDate "2016.05.12"]
[PlyCount "108"]

1.d4 d5 2.c4 c6 3.Nf3 Nf6 4.e3 Bg4 5.Nc3 e6 6.Qb3 Qb6 7.Nh4 Bh5 8.h3 Be7 
9.g4 Bg6 10.Nxg6 hxg6 11.Bg2 g5 12.O-O Nbd7 13.Rd1 Nf8 14.cxd5 exd5 15.e4 
Qxb3 16.axb3 Nxe4 17.Nxe4 dxe4 18.Be3 Ne6 19.d5 cxd5 20.Rxd5 Bf6 21.Rxa7 
Rxa7 22.Bxa7 Bxb2 23.Rb5 Bd4 24.Rxb7 Rh6 25.Bxd4 Nxd4 26.Rb4 Nf3+ 27.Bxf3 
exf3 28.Kh2 Rd6 29.Kg3 g6 30.Re4+ Kd7 31.Re3 Rd4 32.Rxf3 Ke6 33.Re3+ Kd6 
34.Rf3 Ke6 35.Rc3 f5 36.Re3+ Kf6 37.gxf5 gxf5 38.Kg2 Kg6 39.Re6+ Kf7 40.
Rb6 Rd3 41.b4 Rb3 42.b5 g4 43.Rb7+ Kg6 44.hxg4 fxg4 45.b6 Kh6 46.Rb8 Kg7 
47.Kf1 Rb2 48.Ke1 Kh7 49.b7 g3 50.fxg3 Kg7 51.Kd1 Rb6 52.Kc2 Rb5 53.Kc3 
Rb6 54.Kc4 Rb1 1/2-1/2

[Event "17th EUR-ch"]
[Site "Gjakova KOS"]
[Date "2016.05.21"]
[Round "9.7"]
[White "Yilmaz, Mustafa"]
[Black "Cheparinov, Ivan"]
[Result "1/2-1/2"]
[WhiteElo "2603"]
[BlackElo "2685"]
[EventDate "2016.05.12"]
[PlyCount "54"]

1.d4 Nf6 2.c4 e6 3.Nf3 d5 4.Nc3 Be7 5.Bg5 h6 6.Bxf6 Bxf6 7.Qb3 dxc4 8.Qxc4
O-O 9.g3 b5 10.Qxb5 Nd7 11.Bg2 c5 12.Ne4 Be7 13.Nxc5 Rb8 14.Qc4 Nxc5 15.
dxc5 Qa5+ 16.Qc3 Qxc5 17.O-O Qb6 18.e3 Ba6 19.Rfc1 Rfc8 20.Qb3 Rxc1+ 21.
Rxc1 Qxb3 22.axb3 Rxb3 23.Ra1 Rb6 24.Ne1 Bf6 25.Bf1 Bb7 26.Rxa7 Rxb2 27.
Bg2 Bxg2 1/2-1/2

[Event "17th EUR-ch"]
[Site "Gjakova KOS"]
[Date "2016.05.21"]
[Round "9.8"]
[White "Anton Guijarro, David"]
[Black "Naer, Evgeny"]
[Result "1-0"]
[WhiteElo "2616"]
[BlackElo "2681"]
[EventDate "2016.05.12"]
[PlyCount "83"]

1.e4 c6 2.d4 d5 3.e5 Bf5 4.h4 Qc7 5.Nc3 h5 6.Bd3 Bxd3 7.Qxd3 e6 8.Nf3 Ne7 
9.Bg5 Nd7 10.O-O Ng6 11.Ne2 Be7 12.g3 c5 13.c3 Qc6 14.b3 Bxg5 15.Nxg5 Ne7 
16.Nf4 Nf5 17.Ng2 Rc8 18.Ne3 g6 19.Nxf5 gxf5 20.Rfc1 c4 21.Qf3 Nf8 22.Rcb1
Qd7 23.a4 Ng6 24.a5 Rc7 25.bxc4 Rxc4 26.a6 Rc7 27.axb7 Rxb7 28.Qd1 Rxb1 
29.Rxb1 Ke7 30.Ra1 f4 31.Kh2 Qb7 32.Kh3 f6 33.exf6+ Kxf6 34.Qe2 e5 35.
dxe5+ Kg7 36.e6 Qc7 37.Qd2 Qc5 38.c4 fxg3 39.fxg3 dxc4 40.Qc3+ Kh6 41.Nf7+
Kh7 42.Ra5 1-0

[Event "17th EUR-ch"]
[Site "Gjakova KOS"]
[Date "2016.05.21"]
[Round "9.9"]
[White "Pantsulaia, Levan"]
[Black "Dreev, Alexei"]
[Result "1/2-1/2"]
[WhiteElo "2613"]
[BlackElo "2662"]
[EventDate "2016.05.12"]
[PlyCount "92"]

1.Nf3 d5 2.g3 c6 3.Bg2 Bg4 4.O-O e6 5.d3 Nd7 6.Nbd2 Bd6 7.e4 Ne7 8.d4 O-O 
9.c3 Rc8 10.Re1 Re8 11.a4 a5 12.Qb3 b6 13.Nf1 Bh5 14.Be3 c5 15.exd5 Nxd5 
16.Bg5 Qc7 17.Ne3 N7f6 18.Qb5 Nxe3 19.Bxe3 Nd5 20.Bd2 Red8 21.dxc5 Bxc5 
22.b4 Be7 23.Rac1 Bxf3 24.Bxf3 Bf6 25.bxa5 bxa5 26.c4 Nb4 27.Bxb4 axb4 28.
a5 Rb8 29.Qa4 b3 30.a6 b2 31.Rb1 Qa7 32.c5 Bd4 33.Red1 e5 34.Qc4 Rbc8 35.
c6 Bxf2+ 36.Kg2 Rxd1 37.Bxd1 Bd4 38.Bb3 g6 39.Rf1 Rc7 40.Rxf7 Rxf7 41.c7 
Qa8+ 42.Kh3 Qf3 43.c8=Q+ Kg7 44.Qxf7+ Qxf7 45.Bxf7 b1=Q 46.Bc4 Qf5+ 
1/2-1/2

[Event "17th EUR-ch"]
[Site "Gjakova KOS"]
[Date "2016.05.21"]
[Round "9.10"]
[White "Ter-Sahakian, Samvel"]
[Black "Bartel, Mateusz"]
[Result "1/2-1/2"]
[WhiteElo "2601"]
[BlackElo "2653"]
[EventDate "2016.05.12"]
[PlyCount "105"]

1.e4 e5 2.Nf3 Nc6 3.Bb5 Nf6 4.d3 d6 5.O-O Be7 6.c3 a6 7.Ba4 O-O 8.Re1 Bg4 
9.Nbd2 Nd7 10.h3 Bh5 11.Nf1 Nc5 12.Bc2 Ne6 13.g4 Bg6 14.Ng3 Ng5 15.Kg2 
Nxf3 16.Qxf3 Bg5 17.Be3 h6 18.Rh1 d5 19.exd5 Ne7 20.c4 c6 21.Bxg5 hxg5 22.
h4 cxd5 23.hxg5 f5 24.cxd5 Qd6 25.Bb3 a5 26.gxf5 Bxf5 27.Kg1 a4 28.Bc2 Bg6
29.Qe2 Nf5 30.Ne4 Qxd5 31.Qg4 Nd4 32.Bd1 Rf4 33.Qh3 Bxe4 34.dxe4 Qxe4 35.
Rc1 Raf8 36.Rh2 Qe1+ 37.Qf1 Qxf1+ 38.Kxf1 e4 39.Rc3 Kf7 40.Bxa4 Ke6 41.Bd1
Kd6 42.Ke1 R8f5 43.Rg3 Nf3+ 44.Bxf3 exf3 45.Rhh3 Kd5 46.g6 Re5+ 47.Kf1 Ke4
48.Rh8 Rc5 49.Re8+ Kf5 50.Rf8+ Ke4 51.Re8+ Kf5 52.Rf8+ Ke4 53.Re8+ 1/2-1/2

[Event "17th EUR-ch"]
[Site "Gjakova KOS"]
[Date "2016.05.21"]
[Round "9.11"]
[White "Palac, Mladen"]
[Black "Saric, Ivan"]
[Result "1/2-1/2"]
[WhiteElo "2577"]
[BlackElo "2650"]
[EventDate "2016.05.12"]
[PlyCount "29"]

1.e4 e5 2.Nf3 Nc6 3.Bb5 Nf6 4.O-O Nxe4 5.Re1 Nd6 6.Nxe5 Be7 7.Bf1 Nxe5 8.
Rxe5 O-O 9.d4 Bf6 10.Re1 Nf5 11.c3 d5 12.Bf4 Nh4 13.Nd2 c6 14.h3 Bf5 15.
Nf3 1/2-1/2

[Event "17th EUR-ch"]
[Site "Gjakova KOS"]
[Date "2016.05.21"]
[Round "9.12"]
[White "Ipatov, Alexander"]
[Black "Pashikian, Arman"]
[Result "0-1"]
[WhiteElo "2648"]
[BlackElo "2612"]
[EventDate "2016.05.12"]
[PlyCount "98"]

1.d4 Nf6 2.c4 e6 3.Nf3 d5 4.Nc3 Bb4 5.cxd5 exd5 6.Bg5 h6 7.Bh4 Bf5 8.e3 
Nbd7 9.Qa4 a5 10.a3 Bxc3+ 11.bxc3 O-O 12.Nd2 c5 13.Be2 g5 14.Bg3 Qb6 15.
Qb5 Qxb5 16.Bxb5 c4 17.f3 Rfe8 18.Kf2 Re6 19.Rhe1 Nb6 20.Ra2 Bd3 21.Rb2 
Nc8 22.h3 Ne7 23.Ba4 b6 24.Rb5 Rc8 25.Be5 Nd7 26.Bh2 f5 27.Rb2 Nf6 28.Be5 
Ng6 29.Rb5 Nxe5 30.dxe5 Rxe5 31.Rxb6 Kg7 32.Rb5 f4 33.Rxa5 Rb8 34.exf4 
Rxe1 35.Kxe1 gxf4 36.Rb5 Ra8 37.Rb4 Ra7 38.Kd1 d4 39.Bc6 dxc3 40.Nxc4 Re7 
41.Rb7 Rxb7 42.Bxb7 Bxc4 43.Kc2 Nd5 44.Bxd5 Bxd5 45.Kxc3 Kf6 46.Kd4 Bb7 
47.Kd3 Kf5 48.a4 Ba6+ 49.Kd2 Ke5 0-1

[Event "17th EUR-ch"]
[Site "Gjakova KOS"]
[Date "2016.05.21"]
[Round "9.13"]
[White "Zhigalko, Sergei"]
[Black "Zubov, Alexander"]
[Result "1/2-1/2"]
[WhiteElo "2647"]
[BlackElo "2612"]
[EventDate "2016.05.12"]
[PlyCount "23"]

1.e4 e5 2.Nf3 Nf6 3.Nxe5 d6 4.Nf3 Nxe4 5.Nc3 Nxc3 6.dxc3 Be7 7.Be3 O-O 8.
Qd2 Nd7 9.O-O-O c6 10.Kb1 d5 11.c4 Nb6 12.cxd5 1/2-1/2

[Event "17th EUR-ch"]
[Site "Gjakova KOS"]
[Date "2016.05.21"]
[Round "9.14"]
[White "Bortnyk, Olexandr"]
[Black "Kobalia, Mikhail"]
[Result "1/2-1/2"]
[WhiteElo "2565"]
[BlackElo "2646"]
[EventDate "2016.05.12"]
[PlyCount "159"]

1.e4 e5 2.Nf3 Nc6 3.Bb5 Nf6 4.d3 Bc5 5.Bxc6 dxc6 6.Nbd2 O-O 7.Nc4 Nd7 8.
Qe2 f6 9.Bd2 Nb6 10.Ne3 Be6 11.O-O Bd6 12.Kh1 c5 13.Nh4 Qd7 14.b3 Rae8 15.
Rg1 Nc8 16.Nef5 Ne7 17.Nxe7+ Bxe7 18.g4 b5 19.Nf5 c4 20.Rg3 Rd8 21.Rag1 
Rf7 22.Nxe7+ Rxe7 23.Bb4 Ree8 24.Qe3 Qc6 25.Qc5 Qxc5 26.Bxc5 a5 27.h3 Rd7 
28.dxc4 bxc4 29.Rc3 Rb8 30.bxc4 Rb2 31.a3 Rd2 32.Rc1 Bd7 33.Rd3 Rbxc2 34.
Rxc2 Rxd3 35.Kg2 Bc6 36.f3 Ba4 37.Rb2 Bb3 38.Kf2 Kf7 39.Be3 Ke6 40.c5 a4 
41.h4 Rc3 42.h5 g5 43.Bd2 Rxc5 44.Bb4 Rc1 45.Bd2 Rh1 46.Kg2 Ra1 47.Bb4 Rc1
48.Bd2 Rc4 49.Kf2 c5 50.Ke3 Rd4 51.Bc3 Rd1 52.Rd2 Re1+ 53.Re2 Rc1 54.Bb2 
Rb1 55.Bc3 Rc1 56.Bb2 Rf1 57.Bc3 Bd1 58.Rf2 Rh1 59.Ba5 Bb3 60.Bc3 Rc1 61.
Bb2 Rb1 62.Bc3 Kd6 63.Re2 Rc1 64.Bb2 Rc4 65.Rd2+ Rd4 66.Bc3 Kc6 67.Ba5 Bd1
68.Rb2 Bb3 69.Rd2 Kd7 70.Ke2 Bc4+ 71.Ke3 Bb5 72.Bb6 Kd6 73.Ba5 Ke6 74.Bc3 
Ba6 75.Ba5 Bc4 76.Bb6 Kd6 77.Bd8 Ke6 78.Bb6 Kd6 79.Bd8 Ke6 80.Bb6 1/2-1/2

[Event "17th EUR-ch"]
[Site "Gjakova KOS"]
[Date "2016.05.21"]
[Round "9.15"]
[White "Melkumian, Hrant"]
[Black "Donchenko, Alexander"]
[Result "1/2-1/2"]
[WhiteElo "2646"]
[BlackElo "2569"]
[EventDate "2016.05.12"]
[PlyCount "109"]

1.d4 Nf6 2.Nf3 e6 3.c4 c5 4.e3 d5 5.cxd5 exd5 6.Bb5+ Bd7 7.Bxd7+ Nbxd7 8.
dxc5 Nxc5 9.O-O Bd6 10.b3 O-O 11.Bb2 Nce4 12.Nc3 Qd7 13.Qd4 Bc5 14.Qd3 
Rfe8 15.Na4 Bd6 16.Rad1 Rad8 17.Bxf6 Nxf6 18.Nc3 a6 19.Ne2 Rc8 20.a4 Rc7 
21.Rc1 Rec8 22.Rxc7 Rxc7 23.Rd1 Rc8 24.g3 Qc7 25.Kg2 Qb6 26.Qf5 Re8 27.
Nfd4 Bc5 28.Rc1 Rd8 29.Qc2 Bd6 30.Nf5 Be5 31.Nfd4 Bd6 32.Qf5 Bb8 33.Nf4 g6
34.Qg5 Ne4 35.Qg4 Be5 36.Nxd5 Nxf2 37.Qd7 Qa5 38.Rc8 Rxc8 39.Qxc8+ Kg7 40.
Ne7 Bxd4 41.exd4 Nd1 42.Kf3 Qh5+ 43.Kf4 Qh6+ 44.Ke5 Qg5+ 45.Kd6 Qf6+ 46.
Kd7 Qxd4+ 47.Kc7 Qe5+ 48.Kd8 Qd6+ 49.Ke8 b5 50.a5 b4 51.Qc4 Qb8+ 52.Kd7 
Qb7+ 53.Ke8 Qb8+ 54.Kd7 Qb7+ 55.Ke8 1/2-1/2

[Event "17th EUR-ch"]
[Site "Gjakova KOS"]
[Date "2016.05.21"]
[Round "9.16"]
[White "Tari, Aryan"]
[Black "Berkes, Ferenc"]
[Result "1/2-1/2"]
[WhiteElo "2558"]
[BlackElo "2636"]
[EventDate "2016.05.12"]
[PlyCount "120"]

1.e4 c5 2.Nf3 d6 3.d4 cxd4 4.Nxd4 Nf6 5.Nc3 e5 6.Bb5+ Nbd7 7.Nf5 a6 8.
Bxd7+ Qxd7 9.Bg5 Nxe4 10.Nxg7+ Bxg7 11.Nxe4 O-O 12.Qxd6 f6 13.Be3 Qg4 14.
Nc5 Qb4+ 15.Qd2 Qxb2 16.O-O Bf5 17.Qd5+ Kh8 18.Rab1 Qxc2 19.Rxb7 Rad8 20.
Qb3 Qe2 21.Qb2 Qh5 22.f3 Qg6 23.Qf2 Rg8 24.Kh1 Rd6 25.f4 Bh6 26.Rb2 Rd5 
27.fxe5 Bxe3 28.Qxe3 Rxe5 29.Qf2 Bh3 30.Qg3 Rf5 31.Re1 Bxg2+ 32.Rxg2 Rxc5 
33.Qxg6 hxg6 34.Re6 Kg7 35.Rxa6 Rd8 36.Ra3 Rc1+ 37.Rg1 Rc2 38.Rag3 g5 39.
R1g2 Rd1+ 40.Rg1 Rd4 41.Rg4 Rd3 42.R4g3 Rd8 43.R3g2 Rc4 44.Rg4 Rc3 45.R4g3
Rc5 46.a4 Kg6 47.Ra1 Ra5 48.Rg4 f5 49.Rb4 Rd2 50.Rg1 Kh5 51.Rb8 g4 52.h3 
Rxa4 53.hxg4+ Rxg4 54.Rxg4 Kxg4 55.Rb3 Rf2 56.Kg1 Rf3 57.Rb8 Ra3 58.Kf2 
Ra2+ 59.Kf1 f4 60.Rb3 f3 1/2-1/2

[Event "17th EUR-ch"]
[Site "Gjakova KOS"]
[Date "2016.05.21"]
[Round "9.17"]
[White "Vitiugov, Nikita"]
[Black "Can, Emre"]
[Result "1-0"]
[WhiteElo "2721"]
[BlackElo "2557"]
[EventDate "2016.05.12"]
[PlyCount "95"]

1.d4 d5 2.c4 e6 3.Nf3 c6 4.e3 Bd6 5.b3 f5 6.Be2 Nf6 7.O-O Qe7 8.a4 a5 9.
Ba3 Bxa3 10.Nxa3 O-O 11.Qc2 Bd7 12.Rfc1 Ne4 13.Ne5 Be8 14.f3 Nf6 15.cxd5 
exd5 16.Bd3 Nbd7 17.Qc3 Nxe5 18.dxe5 Nd7 19.f4 Qb4 20.Qd4 g6 21.Nc2 Qe7 
22.Ne1 Bf7 23.Rab1 c5 24.Qc3 Rfc8 25.Nf3 Nf8 26.Ng5 Ne6 27.Nxf7 Qxf7 28.
Rd1 Rd8 29.Bb5 Qe7 30.Rd3 d4 31.Qe1 dxe3 32.Qxe3 Rxd3 33.Bxd3 Rd8 34.Bc4 
Rd4 35.Qf3 Kf7 36.Rd1 Kg7 37.Rxd4 Nxd4 38.Qd5 Qh4 39.g3 Qg4 40.e6 Qd1+ 41.
Kg2 Qd2+ 42.Kh3 g5 43.Qxb7+ Kh8 44.e7 g4+ 45.Kh4 Nf3+ 46.Qxf3 Qxh2+ 47.Kg5
Qh6+ 48.Kxh6 1-0

[Event "17th EUR-ch"]
[Site "Gjakova KOS"]
[Date "2016.05.21"]
[Round "9.18"]
[White "Parligras, Mircea-Emilian"]
[Black "Ponomariov, Ruslan"]
[Result "0-1"]
[WhiteElo "2599"]
[BlackElo "2715"]
[EventDate "2016.05.12"]
[PlyCount "112"]

1.d4 Nf6 2.c4 e6 3.Nc3 Bb4 4.Qc2 d5 5.cxd5 exd5 6.Bg5 c5 7.dxc5 h6 8.Bh4 
O-O 9.e3 Be6 10.Rd1 Nbd7 11.Bd3 Qa5 12.Ne2 Qxa2 13.O-O Qa5 14.h3 Bxc5 15.
Kh1 Be7 16.f4 Nb6 17.Nd4 Bd7 18.Nf5 Bxf5 19.Bxf5 Rfe8 20.Rfe1 Nh5 21.Bf2 
Bb4 22.Bh4 Be7 23.Bf2 Nf6 24.e4 dxe4 25.Bxe4 Bc5 26.Bxb7 Bxf2 27.Qxf2 
Rxe1+ 28.Rxe1 Rb8 29.Re5 Qb4 30.Ba6 Nbd7 31.Rb5 Rxb5 32.Bxb5 Nc5 33.Kh2 a5
34.g3 h5 35.Qd2 Ne6 36.h4 Nd4 37.Be2 Ng4+ 38.Bxg4 hxg4 39.Qf2 a4 40.Nd5 
Qc5 41.Ne3 f5 42.Kg2 Qc6+ 43.Kf1 Qh1+ 44.Qg1 Qe4 45.Qf2 Kf7 46.Kg1 Kg6 47.
Nd1 Qd3 48.Ne3 Kh7 49.Kg2 Qe4+ 50.Kg1 Nf3+ 51.Kf1 Qb1+ 52.Kg2 Ne1+ 53.Kh2 
Nd3 54.Qc2 Qxb2 55.Qxb2 Nxb2 56.Nxf5 a3 0-1

[Event "17th EUR-ch"]
[Site "Gjakova KOS"]
[Date "2016.05.21"]
[Round "9.19"]
[White "Brkic, Ante"]
[Black "Ragger, Markus"]
[Result "0-1"]
[WhiteElo "2584"]
[BlackElo "2696"]
[EventDate "2016.05.12"]
[PlyCount "96"]

1.e4 e6 2.d4 d5 3.Nc3 Nf6 4.e5 Nfd7 5.f4 c5 6.Nf3 Be7 7.Be3 O-O 8.Qd2 b6 
9.Nd1 a5 10.c3 a4 11.Bd3 Ba6 12.Bxa6 Rxa6 13.O-O b5 14.dxc5 Nxc5 15.Nd4 
Ne4 16.Qe2 b4 17.cxb4 Bxb4 18.Nf2 Nxf2 19.Rxf2 Qd7 20.Rc1 Ba5 21.Qd3 Bb6 
22.Rfc2 h6 23.Rc3 Ra8 24.f5 Bxd4 25.Bxd4 exf5 26.Rc7 Qe6 27.Qb5 f4 28.Qb7 
Na6 29.R7c6 Qg4 30.h3 Qe2 31.e6 f3 32.exf7+ Kh7 33.gxf3 Qxf3 34.R6c3 Qf4 
35.Rd1 Qxf7 36.Qxf7 Rxf7 37.a3 Re8 38.Rc6 Nc7 39.Rf1 Rd7 40.Bb6 Nb5 41.Bf2
Re2 42.Ra6 Rxb2 43.Rxa4 Ra2 44.Rb4 Nc3 45.Rb3 d4 46.Be1 Ne2+ 47.Kh1 d3 48.
Bf2 d2 0-1

[Event "17th EUR-ch"]
[Site "Gjakova KOS"]
[Date "2016.05.21"]
[Round "9.20"]
[White "Kryvoruchko, Yuriy"]
[Black "Prohaszka, Peter"]
[Result "1/2-1/2"]
[WhiteElo "2691"]
[BlackElo "2593"]
[EventDate "2016.05.12"]
[PlyCount "61"]

1.e4 c6 2.d4 d5 3.e5 c5 4.c3 Nc6 5.Be2 Bf5 6.Nf3 e6 7.O-O Bg6 8.a3 cxd4 9.
cxd4 Nge7 10.Nc3 Nc8 11.Be3 Nb6 12.b3 Be7 13.Ne1 Rc8 14.Qd2 O-O 15.Nd3 Nd7
16.Rfd1 Na5 17.Qb2 Qb6 18.Rdb1 Qd8 19.Rc1 Qb6 20.Rab1 Qd8 21.f4 f6 22.exf6
Nxf6 23.Na4 Nc6 24.Nac5 Bxc5 25.Rxc5 Bxd3 26.Bxd3 Ng4 27.Bc1 Qf6 28.h3 Nh6
29.Be3 Nf5 30.Bxf5 exf5 31.b4 1/2-1/2

[Event "17th EUR-ch"]
[Site "Gjakova KOS"]
[Date "2016.05.21"]
[Round "9.21"]
[White "Sargissian, Gabriel"]
[Black "Hracek, Zbynek"]
[Result "1/2-1/2"]
[WhiteElo "2689"]
[BlackElo "2598"]
[EventDate "2016.05.12"]
[PlyCount "53"]

1.d4 Nf6 2.c4 e6 3.Nf3 b6 4.g3 Bb4+ 5.Bd2 Bxd2+ 6.Qxd2 Ba6 7.b3 d5 8.Bg2 
c6 9.Ne5 O-O 10.Nc3 Nfd7 11.O-O Nxe5 12.dxe5 Nd7 13.f4 Qe7 14.Rfd1 Rad8 
15.cxd5 cxd5 16.Rac1 f6 17.exf6 Nxf6 18.Qd4 Rfe8 19.Bf3 Rc8 20.Qa4 Qb7 21.
a3 Rc5 22.f5 Qc8 23.fxe6 Rxe6 24.b4 Rc4 25.Qb3 Kh8 26.b5 Bb7 27.Na2 
1/2-1/2

[Event "17th EUR-ch"]
[Site "Gjakova KOS"]
[Date "2016.05.21"]
[Round "9.22"]
[White "Demchenko, Anton"]
[Black "Fedoseev, Vladimir"]
[Result "1-0"]
[WhiteElo "2589"]
[BlackElo "2685"]
[EventDate "2016.05.12"]
[PlyCount "95"]

1.e4 c5 2.Nf3 d6 3.d4 cxd4 4.Nxd4 Nf6 5.Nc3 a6 6.f3 e5 7.Nb3 Be6 8.Be3 h5 
9.Qd2 Nbd7 10.O-O-O Rc8 11.Kb1 g6 12.a3 b5 13.h4 Qc7 14.Nc1 Nb8 15.N1a2 
Nc6 16.Bg5 Nd7 17.Nd5 Bxd5 18.exd5 Na5 19.Nb4 Qb7 20.b3 Bg7 21.g4 e4 22.
gxh5 Rxh5 23.Bh3 Kf8 24.fxe4 Rc3 25.Bxd7 Qxd7 26.Rdf1 Nxb3 27.cxb3 a5 28.
Nd3 b4 29.Nc1 Qe8 30.Qf4 Be5 31.Qg4 bxa3 32.Rh3 Kg8 33.Rxc3 Bxc3 34.Rf2 
Bg7 35.Nd3 a4 36.b4 Rh8 37.Rc2 Qb5 38.Qf3 Qb6 39.Be3 Qa6 40.Bf2 Kh7 41.Rc6
Qb7 42.h5 Rf8 43.Ka2 Kg8 44.Kxa3 Qe7 45.e5 Bxe5 46.Qe3 Qd7 47.Nxe5 dxe5 
48.hxg6 1-0